000 00427nam a2200181Ia 4500
001 23176
005 20260414150920.0
008 260414t2010||||xx |||||||||||||| ||spa||
041 _aESP
082 _a625.70624
_bI23
100 _aIbañez, Walter
_eAUT
245 0 _aCostos y tiempos en carreteras
_b
260 _c2010
300 _a612 páginas :
_c25 cm.
650 _a0
654 _aCIC
942 _cLIB
_dJUS
_fJUS
_2ddc
_n
999 _c23176
_d23176